banner-ar

متاحف الاثار : (Record no. 62653)

MARC details
000 -الفاتح
حقل البيانات ثابتة الطول 00965nam a22002417a 4500
005 - وقت وتاريخ اخر تعامل مع التسجيلة
رقم الضبط 20240530110600.0
008 - عناصر البيانات ثابتة الطول - معلومات عامة
حقل البيانات ثابتة الطول 160905s2014 ua a g 000 0dara d
017 ## - رقم الايداع القانونى
رقم الايداع القانونى 2010/22398
المصدر ( الهيئة المختصة) مصر . دار الكتب المصريه
020 ## - الرقم الدولى المعيارى للكتب
الرقم الدولى المعيارى للكتاب 9789772088878
040 ## - مصدر الفهرسة
وكالة الفهرسة الأصلية EG-CaGPL
082 04 - رقم تصنيف ديوى العشرى
رقم الطبعة 21
رقم التصنيف 932.0074
رقم المادة ق/ج م
100 0# - المدخل الرئيسى - إسم شخصى
الإسم الشخصى جلال احمد ابو بكر .
245 10 - بيان العنوان
العنوان متاحف الاثار :
بقية العنوان كنوز الماضى : ثروات المستقبل /
بيان المسئوليه,etc تاليف جلال احمد ابو بكر .
250 ## - بيان الطبعة
بيان الطبعة ط1 .
260 ## - PUBLICATION, DISTRIBUTION, ETC. (IMPRINT)
تاريخ النشر أو التوزيع 2014 .
300 ## - الوصف المادى
التعداد 194 ص :
تفاصيل ماديه اخرى للوعاء ايض ؛
أبعاد الوعاء 24 سم .
490 0# - بيان السلسلة
عنوان السلسلة صفحات من تاريخ مصر الفرعونيه
504 ## - تبصرة ببليوجرافية
تبصرة ببليوجرافية,الخ ببليوجرافيه : ص 153 - 161
650 04 - المدخل الاضافى بالموضوع-مصطلح موضوعى
مصطلح موضوعي مصر
التقسيم الفرعي العام الاثار
التقسيم الفرعي الجغرافي متاحف
650 04 - المدخل الاضافى بالموضوع-مصطلح موضوعى
مصطلح موضوعي مصر
التقسيم الفرعي العام الاثار الاسلاميه
التقسيم الفرعي الجغرافي متاحف
942 ## - عناصر المدخل الإضافي( كوها)
مصدر التصنيف او مخطط الترفيف Dewey Decimal Classification
Koha [default] item type كتاب
260 ## - PUBLICATION, DISTRIBUTION, ETC. (IMPRINT)
-- القاهره :
-- مكتبه مدبولى ،
Holdings
حالة التراجع حالة الفقد حالة تلف ليس للاعارة المكان المؤقت الموقع الحالى تاريخ الاكتساب اجمالي اﻻعارات رقم الطلب الباركود تاريخ اخر مشاهدة تاريخ تفعيل السعر نوع وعاء كوها
        مكتبة القاهرة الكبرى مكتبة القاهرة الكبرى 09/05/2016   932.0074 ق/ج م 162445 09/05/2016 09/05/2016 كتاب

Powered By

EGPV